Postcristianismo?: el malestar y las esperanzas de Occidente

Guardat en:
Dades bibliogràfiques
Autor principal: Scola, Angelo (Autor)
Format: Llibre
Idioma:espanyol
Publicat: Madrid Ediciones Encuentro S. A 2018
Edició:1a. ed
Col·lecció:100XUNO, 34
Matèries:
Etiquetes: Afegir etiqueta
Sense etiquetes, Sigues el primer a etiquetar aquest registre!

MARC

LEADER 00000cam a2200000 a 4500
001 UCC5421
003 CL-VaPUC
008 181005e20180000sp |||||||||||||||||spa|d
020 |a 9788490559215 
082 0 4 |a 261  |b SCO  |2 21 
100 0 |a Scola, Angelo  |e author  |9 599760 
245 1 0 |a Postcristianismo?: el malestar y las esperanzas de Occidente 
250 |a 1a. ed 
300 |a 144 p 
942 |c BK 
945 |d 20181005 11:03:00  |a dcastane 
260 |a Madrid  |b Ediciones Encuentro S. A  |c 2018 
650 0 |a Antropología cristiana  |9 408739 
583 |a last modification  |c 20181005 11:03:00  |k Rodrigo Vera 
490 0 |a 100XUNO, 34 
999 |c 372670  |d 372668 
952 |0 0  |1 0  |3 erb  |4 0  |6 261_000000000000000_SCO_2018  |7 0  |8 A  |9 490368  |a BIBTEO  |b BIBTEO  |i 5505208  |o 261 SCO 2018  |p 5505208  |r 2025-01-17  |w 2019-11-24  |y BK  |z Catalogado en:20181005  |k ICR